| 000 | 00387nam a2200145Ia 4500 | ||
|---|---|---|---|
| 008 | 230312s9999||||xx |||||||||||||| ||und|| | ||
| 020 | _a04-635000-16 | ||
| 082 |
_a614.772 _bHOA-B |
||
| 100 | _aHoadley | ||
| 245 | 0 | _aBacterial Indicators/ Health Hazards Associated with Water | |
| 260 |
_bASTM _aAmerica _c1977 |
||
| 300 | _a356 | ||
| 650 |
_aMedical _vBiology/Environment |
||
| 942 | _cBK | ||
| 999 |
_c14265 _d14265 |
||